| 000 -ლიდერი |
| ფიქსირებული სიგრძის საკონტროლო ველი |
02261nam a2200277Ia 4500 |
| 001 - საკონტროლო ნომერი |
| საკონტროლო ველი |
23674 |
| 003 - საკონტროლო ნომრის იდენტიფიკატორი |
| საკონტროლო ველი |
GE_BSU |
| 005 - ბოლო ოპერაციის თარიღი და დრო |
| საკონტროლო ველი |
20210525142110.0 |
| 008 - ფიქსირებული სიგრძის მონაცემთა ელემენტები - ზოგადი ინფორმაცია |
| ფიქსირებული სიგრძის საკონტროლო ველი |
181216s2018||||ge |||||||||||||| ||geo|| |
| 040 ## - კატალოგიზაციის წყარო |
| Transcribing agency |
GE_BSU |
| 041 ## - ენის კოდი |
| Language code of text/sound track or separate title |
geo |
| 080 ## - უნივერსალური ათობითი კლასიფიკაციის ინდექსი |
| Universal Decimal Classification number |
63 მ-58 |
| 100 ## - მთავარი ჩანაწერი - პიროვნების სახელი |
| Personal name |
მესხი, ნიკოლოზ |
| 9 (RLIN) |
10732 |
| 245 ## - ცნობა სათაურის შესახებ |
| Title |
საქართველოში გავრცელებული მზომელების (Geometridae, Lepidoptera) სახეობრივი შემადგენლობის დაზუსტება და მავნეობის შემცირების ღონისძიებათა დამუშავება / |
| Statement of responsibility, etc |
ნიკოლოზ მესხი; სამეცნ. ხელმძღვ. რ. ჯაბნიძე., მ. ლობჟანიძე; ბათუმის შოთა რუსთაველის სახ. უნ-ტი |
| 264 ## - წარმოების, გამოცემის, დისტრიბუციის და სხვა ცნობები |
| გამოცემის, წარმოების, დისტრიბუციის... ადგილი |
ბათუმი, |
| გამოცემის, წარმოების, დისტრიბუციის... თარიღი |
2018. |
| 300 ## - ფიზიკური აღწერა |
| Extent |
153გვ. : |
| Other physical details |
ილ., |
| Dimensions |
30 სმ. |
| 300 ## - ფიზიკური აღწერა |
| Accompanying material |
ბიბლიოგრ. გვ. 129-145 |
| 653 ## - INDEX TERM--UNCONTROLLED |
| Uncontrolled term |
აგრარული მეცნიერებები |
| 653 ## - INDEX TERM--UNCONTROLLED |
| Uncontrolled term |
მცენარეთა დაცვა |
| 653 ## - INDEX TERM--UNCONTROLLED |
| Uncontrolled term |
დისერტაცია |
| 653 ## - INDEX TERM--UNCONTROLLED |
| Uncontrolled term |
საქართველოში გავრცელებული მზომელების (Geometridae, Lepidoptera) სახეობრივი შემადგენლობის დაზუსტება და მავნეობის შემცირების ღონისძიებათა დამუშავება |
| 700 ## - ADDED ENTRY--PERSONAL NAME |
| Personal name |
ჯაბნიძე, რ. |
| Relator term |
სამეცნიერო ხელმძღვანელი |
| 9 (RLIN) |
1796 |
| 700 ## - ADDED ENTRY--PERSONAL NAME |
| Personal name |
ლობჟანიძე, მ. |
| Relator term |
სამეცნიერო ხელმძღვანელი |
| 9 (RLIN) |
10733 |
| 710 ## - ADDED ENTRY--CORPORATE NAME |
| Corporate name or jurisdiction name as entry element |
ბათუმის შოთა რუსთაველის სახელმწიფო უნივერსიტეტი |
| Subordinate unit |
ექნოლოგიური ფაკულტეტი. აგროეკოლოგიისა და სატყეო საქმის დეპარტამენტი |
| 9 (RLIN) |
10734 |
| 942 ## - ADDED ENTRY ELEMENTS (KOHA) |
| Koha item type |
წიგნი |
| Source of classification or shelving scheme |
|